Statistics for GeoBee Winning Questions

Click here to take the quiz!

General Stats

  • This quiz has been taken 42 times
  • The average score is 16 of 31

Answer Stats

YearHintAnswer% Correct
1998More than 80 million people live in the European Union's most populous member country. Name this country.Germany
95%
1993Tagalog is one of the three main native languages of which island country in Asia?Philippines
92%
1990Mount Erebus is a volcano on which continent?Antarctica
89%
2003Goa, a state in southwestern India, was a possession of which country until 1961?Portugal
86%
1997Asia's most densely populated country has about three million people and an area of less than 250 square miles (400 km²). Name this country.Singapore
86%
1995Pashto and Dari are the official languages of which mountainous, landlocked country in southwestern Asia?Afghanistan
84%
1996Name the European co-principality whose heads of state are the President of France and the Bishop of Urgell.Andorra
84%
2018Lebanon has a population most similar to which South American country?Paraguay
73%
1994The Tagus River roughly divides which European country into two agricultural regions, grain and potatoes in the north, and grapes in the south?Portugal
73%
2004Peshawar, a city in the North-West Frontier Province of Pakistan, has had strategic importance for centuries because of its location near what historic pass?Khyber Pass
70%
2009Timis County shares its name with a tributary of the Danube and is located in the western part of which European country?Romania
70%
1999The condition characterized by unusually cold ocean temperature in the equatorial region of the eastern Pacific Ocean is known by what Spanish name?La Niña
68%
1992Many coastal countries have established so-called EEZs—areas extending 200 nautical miles (370 km) from shore over which countries have sovereign rights for resource exploration. What do the initials EEZ stand for?Exclusive Economic Zone
62%
2015Mariupol, at the mouth of the Kalmius River, is a port city on which sea, an arm of the Black Sea?Sea of Azov
59%
2002Lop Nur, a marshy depression at the east end of the Tarim Basin, is a nuclear test site for which country?China
57%
2008The urban area of Cochabamba has been in the news recently due to protests over the privatization of the municipal water supply and regional autonomy issues. Cochabamba is the third-largest conurbation in what country?Bolivia
54%
2000Name two of the three largest sections of Denmark, which include its mainland peninsula and two largest islands.Jutland, Sjælland, Fyn
46%
2013Because Earth bulges at the equator, the point that is farthest from Earth's center is the summit of a peak in Ecuador. Name this peak.Chimborazo
43%
2014Oyala, a planned city in the rainforest 65 miles (105 km) east of Bata is being built as a future capital for which country?Equatorial Guinea
43%
1991What type of landform is commonly associated with orographic precipitation?Mountain
35%
2010The largest city in northern Haiti was renamed following Haiti's independence from France. What is the present-day name of this city?Cap-Haïtien
32%
2012Name the Bavarian city situated on the Danube River that was a legislative seat of the Holy Roman Empire from 1663 to 1806.Regensburg
30%
2016A new marine sanctuary will protect sharks and other wildlife around Isla Wolf in what archipelago in the Pacific Ocean?Galapagos
27%
2007A city that is divided by a river of the same name was the imperial capital of Vietnam for more than a century. Name this city, which is still an important cultural center.Huế
27%
2019One-third of Norway’s northernmost county is in what plateau?Finnmark
19%
1989Name the flat intermontane area located at an elevation of about 10,000 feet (3,050 m) in the central Andes.Altiplano
14%
2017What large mountain system that stretches more than 1,200 miles (1,900 km) separates the Taklimakan Desert from the Tibetan Plateau?Kunlun Mountains
14%
2006Name the mountains that extend across much of Wales, from the Irish Sea to the Bristol Channel.Cambrian
11%
2001Below the equilibrium line of glaciers there is a region of melting, evaporation, and sublimation. Name this zone.Zone of Ablation
11%
2005Lake Gatún, an artificial lake that constitutes part of the Panama Canal system, was created by damming which river?Chagres
8%
2011Thousands of mountain climbers and trekkers rely on Sherpas to aid their ascent of Mount Everest. The southern part of Mount Everest is located in which Nepalese national park?Sagarmatha
8%

Score Distribution

Percentile by Number Answered

Percent of People with Each Score

Your Score History

You have not taken this quiz